000 01843nam a2200229Ia 4500
003 Ost
005 20260416102359.0
008 260416s9999||||xx |||||||||||||| ||und||
040 _cfsecg
041 _aara
082 _a658.8
100 _aجنادي، كريم
_eمؤلف
245 0 _aمحاضرات في التسويق الفندقي مع دراسة حالات تطبيقية محلولة /
_c كريم جنادي
260 _aالجزائر
_bجامعة الجزائر3: كلية العلوم الإقتصادية، العلوم التجارية وعلوم التسيير
_c2022
300 _a153 ورقة
_bايضاحات
_c12 سم
504 _aالمراجع
520 _aالتطور التاريخي لاصل و جذور الصناعة الفندقية،مبررات اعتناء مسئولي التسويق الفندقي بالنزلاء،مسؤولية الادارة التسويقية في المؤسسات الفندقية،سلوك الزبون الفندقي اتجاه الخدمة المعروضة،البيئة التسويقية للخدمات الفندقية،إستراتيجيات التسويق الفندقي،تنظيم وتصميم وظيفة التسويق الفندقي،القوى البيعية الفندقية،ادارة جودة الخدمة الفندقية استراتيجيا و تكتيكيا،المزيج التسويقي الفندقي المطوَر،التموضع السوقي للخدمة ضمن منظور تنافسي،الاتجاهات الحديثة للتسويق الفندقي في ظل تنافسية السوق و العالمية.
653 _aالتسويق
653 _aالفنادق
710 _aجامعة الجزائر3: كلية العلوم الإقتصادية، العلوم التجارية وعلوم التسيير
_eناشر علمي
942 _cHANDOUT
999 _c41336
_d41336